书目信息 |
| 题名: |
孤独散步者的遐思
|
|
| 作者: | 卢梭 著 ;熊希伟 译 | |
| 分册: | ||
| 出版信息: | 北京 华龄出版社 1996 |
|
| 页数: | 153页 | |
| 开本: | 20cm | |
| 丛书名: | 拿来主义丛书 | |
| 单 册: | ||
| 中图分类: | B565.26 | |
| 科图分类: | ||
| 主题词: | 卢梭,J.J.(1712~1778)--哲学 , 卢梭,J.J.(1712~1778) | |
| 电子资源: | ||
| ISBN: | 7-80082-612-0 | |
| 000 | 00731nam2 2200253 45 | |
| 001 | 0197015374 | |
| 005 | 20050322145901.1 | |
| 010 | @a7-80082-612-0@dCNY7.20 | |
| 100 | @a19970611d1996 em y0chiy0121 ea | |
| 101 | 1 | @achi@cfre |
| 102 | @aCN@b110000 | |
| 105 | @ay z 000cy | |
| 200 | 10 | @a孤独散步者的遐思@Agu du san bu zhe de xia si@f(法)卢梭著@F(Fa)Lu Suo Zhu@g熊希伟译 |
| 210 | @a北京@c华龄出版社@d1996 | |
| 215 | @a153页@d20cm | |
| 225 | 2 | @a拿来主义丛书 |
| 410 | 0 | @120010@a拿来主义丛书 |
| 606 | 0 | @a卢梭,J.J.(1712~1778)@x哲学 |
| 606 | 0 | @a卢梭,J.J.(1712~1778) |
| 690 | @aB565.26@v3 | |
| 701 | 0 | @a卢梭@4著 |
| 702 | 0 | @a熊希伟@Axiong xi wei@4译 |
| 801 | 0 | @aCN@bNLC@c19970708 |
| 905 | @dB565.26@e22@f1@b274163 | |
| 孤独散步者的遐思/(法)卢梭著/熊希伟译.-北京:华龄出版社,1996 |
| 153页;20cm.-(拿来主义丛书) |
| ISBN 7-80082-612-0:CNY7.20 |
| ● |
| 相关链接 |
|
|
|
|
正题名:孤独散步者的遐思
索取号:B565.26/22
 
预约/预借
| 序号 | 登录号 | 条形码 | 馆藏地/架位号 | 状态 | 备注 |
| 1 | 0274161 | 000578814 | 第一样本阅览室/ [索取号:B565.26/22] | 在馆 | |
| 2 | 0274162 | 000578798 | 第一借阅区/ [索取号:B565.26/22] | 在馆 | |
| 3 | 0274163 | 002018097 | 密集书库/ [索取号:B565.26/22] | 在馆 | |
| 4 | 0274164 | 000578805 | 第一借阅区/ [索取号:B565.26/22] | 在馆 | |
| 5 | 0274165 | 000578752 | 第一借阅区/ [索取号:B565.26/22] | 在馆 | |
| 6 | 0274181 | 000578743 | 密集书库/ [索取号:B565.26/22] | 在馆 | |
| 7 | 0274182 | 000578789 | 密集书库/ [索取号:B565.26/22] | 在馆 | |
| 8 | 0274183 | 000578761 | 第一借阅区/ [索取号:B565.26/22] | 在馆 |